RF circuit design : (Record no. 183055)

000 -LEADER
fixed length control field 01254 a2200265 4500
003 - CONTROL NUMBER IDENTIFIER
control field Nust
005 - DATE AND TIME OF LATEST TRANSACTION
control field 20221219122750.0
010 ## - LIBRARY OF CONGRESS CONTROL NUMBER
LC control number 00269579
020 ## - INTERNATIONAL STANDARD BOOK NUMBER
International Standard Book Number 8178083337
035 ## - SYSTEM CONTROL NUMBER
System control number (OCoLC)ocm43331492
035 ## - SYSTEM CONTROL NUMBER
System control number G00B-375
040 ## - CATALOGING SOURCE
Transcribing agency Nust
082 ## - DEWEY DECIMAL CLASSIFICATION NUMBER
Classification number 621.384,LUD
100 1# - MAIN ENTRY--PERSONAL NAME
Personal name Ludwig, Reinhold.
9 (RLIN) 63374
245 10 - TITLE STATEMENT
Title RF circuit design :
Remainder of title theory and applications (Include CD) /
Statement of responsibility, etc. Reinhold Ludwig, Pavel Bretchko.
260 ## - PUBLICATION, DISTRIBUTION, ETC.
Place of publication, distribution, etc. Upper Saddle River, NJ :
Name of publisher, distributor, etc. Prentice-Hall,
Date of publication, distribution, etc. c2000.
300 ## - PHYSICAL DESCRIPTION
Extent xiv, 642 p. :
Other physical details ill. ;
Dimensions 24 cm. +
Accompanying material 1 computer laser optical disc (4 3/4 in.)
505 ## - FORMATTED CONTENTS NOTE
Formatted contents note Introduction (Page-1), Transmission Line Analysis (Page-37), The Smith Chart (Page-101), Signal-and Multiport Networks (Page-143), An Overview of RF Filter Design (Page-201), Active RF Components (Page-271), Active RF Component Modeling (Page-351), Matching and Biasing Networks (Page-405), RF Transistor Amplifier Designs (Page-463), Oscillators and Mixers (Page-539).
650 #0 - SUBJECT ADDED ENTRY--TOPICAL TERM
Topical term or geographic name entry element Radio circuits
General subdivision Design and construction.
9 (RLIN) 105198
650 #0 - SUBJECT ADDED ENTRY--TOPICAL TERM
Topical term or geographic name entry element Radio frequency.
9 (RLIN) 98214
651 ## - SUBJECT ADDED ENTRY--GEOGRAPHIC NAME
Geographic name (Include CD)
9 (RLIN) 8953
700 1# - ADDED ENTRY--PERSONAL NAME
Personal name Bretchko, Pavel.
9 (RLIN) 105199
856 41 - ELECTRONIC LOCATION AND ACCESS
Materials specified Table of contents
Uniform Resource Identifier <a href="http://www.loc.gov/catdir/toc/fy032/00269579.html">http://www.loc.gov/catdir/toc/fy032/00269579.html</a>
942 ## - ADDED ENTRY ELEMENTS (KOHA)
Source of classification or shelving scheme
Koha item type Book
Holdings
Withdrawn status Lost status Source of classification or shelving scheme Damaged status Not for loan Permanent Location Current Location Shelving location Date acquired Full call number Barcode Date last seen Price effective from Koha item type Public note
          Military College of Signals (MCS) Military College of Signals (MCS) General Stacks 12/12/2016 621.384,LUD MCS30397 12/08/2016 12/12/2016 Book Almirah No.38, Shelf No.3
© 2023 Central Library, National University of Sciences and Technology. All Rights Reserved.